| 000 | 00000nam##2200000za#4500 |
| 001 | 9.625950 |
| 003 | CaOODSP |
| 005 | 20220808101246 |
| 007 | ta |
| 008 | 150406|2001||||xxc||||| f|0| 0 fre|d |
| 020 | |a0-662-84719-9 |
| 040 | |aCaOODSP|bfre |
| 043 | |an-cn--- |
| 086 | 1 |aEn40-215/51F |
| 110 | 1 |aCanada. |bEnvironnement Canada. |bService de la protection de l'environnement. |
| 245 | 10|aOxyde d'éthylène |
| 260 | |aOttawa - Ontario : |bEnvironnement Canada. |c2001. |
| 300 | |avi, 84p. : |bfigures, graphiques, références, tableaux ; |c28 cm. |
| 490 | 1 |aListe des substances d'intérêt prioritaire: rapport d'évaluation |
| 500 | |aEn tête du titre: "Loi canadienne sur la protection de l'environnement (1999)". |
| 563 | |aReliure à spirale |
| 590 | |a02-26|b2002-06-28 |
| 691 | 07|aGestion de l'environnement|2gcpds |
| 691 | 07|aPolluant|2gcpds |
| 775 | 08|tEthylene oxide |w(CaOODSP)9.615999 |
| 776 | 0#|tOxyde d'éthylène |w(CaOODSP)9.598064 |
| 830 | #0|aListe des substances d'intérêt prioritaire, rapport d'évaluation.|w(CaOODSP)9.512966 |